000 00564nam a22001937a 4500
999 _c4891
_d4891
003 AR-CdUCM
008 190311b ||||| |||| 00| 0 spa d
040 _aMUNICIPALIDAD PROVINCIAL DEL CUSCO
_cBIBLIOTECA MUNICIPAL DEL CUSCO
082 _a869.56 /
_bH56
100 _aHinostroza, Rodolfo
_915036
245 _aContra natura /
260 _aBarcelona :
_bBarral editores,
_c1970.
300 _a85 páginas ;
_c18.5 cm.
500 _aDonación familia Nieto
650 _aPoesías peruanas
_91481
650 _aSiglo XX
_98
942 _2ddc
_cLIBROS
945 _aafb